| Tag |
First Indicator |
Second Indicator |
Subfields |
| LEADER |
00000cam a2200000 a 4500 |
| 001 |
in00000008448 |
| 005 |
20151003060016.0 |
| 008 |
861126s1987 nyua b 10100 eng |
| 010 |
|
|
|a 86027737
|
| 020 |
|
|
|a 0845126512
|
| 035 |
|
|
|a (OCoLC)14967356
|
| 035 |
|
|
|9 AAA0838AM
|
| 040 |
|
|
|a DLC
|c DLC
|d CHS
|d TXA
|d UtOrBLW
|
| 050 |
0 |
0 |
|a QH450.2
|b .T69 1987
|
| 082 |
0 |
|
|a 574.87/322
|2 19
|
| 245 |
0 |
0 |
|a Transcriptional control mechanisms :
|b proceedings of a Cetus-UCLA symposium held in Keystone, Colorado, April 6-13, 1986 /
|c editors, Daryl Granner, Michael G. Rosenfeld, Shing Chang.
|
| 264 |
|
1 |
|a New York :
|b A.R. Liss,
|c [1987]
|
| 264 |
|
4 |
|c ©1987
|
| 300 |
|
|
|a xx, 496 pages :
|b illustrations ;
|c 23 cm.
|
| 336 |
|
|
|a text
|b txt
|2 rdacontent
|
| 337 |
|
|
|a unmediated
|b n
|2 rdamedia
|
| 338 |
|
|
|a volume
|b nc
|2 rdacarrier
|
| 490 |
1 |
|
|a UCLA symposia on molecular and cellular biology ;
|v new ser., v. 52
|
| 500 |
|
|
|a Papers of the 1986 Cetus-UCLA Symposium on "Transcriptional Control Mechanisms."
|
| 504 |
|
|
|a Includes bibliographies and index.
|
| 650 |
|
0 |
|a Genetic transcription
|x Congresses.
|
| 650 |
|
0 |
|a Cellular control mechanisms
|v Congresses.
|
| 650 |
|
0 |
|a Genetic regulation
|v Congresses.
|
| 700 |
1 |
|
|a Granner, Daryl K.,
|d 1936-
|
| 700 |
1 |
|
|a Rosenfeld, Michael G.
|
| 700 |
1 |
|
|a Chang, Shing.
|
| 711 |
2 |
|
|a Cetus-UCLA Symposium on "Transcriptional Control Mechanisms"
|d (1986 :
|c Keystone, Colo.)
|
| 830 |
|
0 |
|a UCLA symposia on molecular and cellular biology ;
|v new ser., v. 52.
|
| 999 |
|
|
|a MARS
|
| 999 |
f |
f |
|s 96e81ac0-91b0-30c3-b31a-452157793777
|i 420bacd9-6ad0-394a-a12e-ebf1a9c829bf
|t 0
|
| 952 |
f |
f |
|p ric
|a Texas A&M University
|b Rellis Campus
|c Joint Library Facility
|d Remote Storage
|t 0
|e QH450.2 .T69 1987
|h Library of Congress classification
|i unmediated -- volume
|m A14812561768
|
| 998 |
f |
f |
|a QH450.2 .T69 1987
|t 0
|l Remote Storage
|